[Event "Ch BRD"]
[Site "masterchessopen.com - Bad Pyrmont (Germany)"]
[Round "13"]
[White "Bachmann Karlheinz (GER)"]
[Black "Darga Klaus (GER)"]
[Result "0-1"]
[WhiteElo "2295"]
[BlackElo "2453"]

1.c4 Nf6 2.Nc3 e6 3.Nf3 Bb4 4.Qc2 O-O 5.g3 d5 6.a3 Be7 7.d3 c5 8.Bg2 Nc6 9.O-O
d4 10.Ne4 Nxe4 11.dxe4 e5 12.Ne1 Bd6 13.Nd3 a5 14.b3 a4 15.b4 cxb4 16.axb4
Nxb4 17.Nxb4 Bxb4 18.Rxa4 Rxa4 19.Qxa4 Qd6 20.Rd1 Be6 21.Qb5 Rc8 22.Qxb7 Rb8
23.Qa7 Bxc4 24.Bf3 Ba6 25.e3 Bc5 26.Ba3 Bxa3 27.exd4 Qb6 28.Qxb6 Rxb6 {#R} 0-1

[Event "It"]
[Site "masterchessopen.com - Buesum (Germany)"]
[Round "4"]
[White "Bobotsov Milko G (BUL)"]
[Black "Larsen Bent (DEN)"]
[Result "0-1"]
[WhiteElo "2405"]
[BlackElo "2415"]

1.c4 Nf6 2.Nc3 e6 3.Nf3 Bb4 4.g3 O-O 5.Bg2 d5 6.O-O dxc4 7.Qa4 Na6 8.a3 Bd7
9.Nb5 Qe8 10.Nfd4 e5 11.Bxb7 exd4 12.Bxa6 Bh3 13.axb4 Qe4 14.Bb7 Qxb7 15.f3
Bd7 {#R} 0-1

[Event "Match"]
[Site "masterchessopen.com - Eersel (Denmark)"]
[Round "1"]
[White "Kavalek Lubomir (USA)"]
[Black "Ree Hans (NED)"]
[Result "1-0"]
[WhiteElo "2527"]
[BlackElo "2379"]

1.c4 Nf6 2.Nc3 e6 3.Nf3 Bb4 4.Qb3 c5 5.a3 Ba5 6.g3 Nc6 7.Bg2 O-O 8.O-O d6 9.d3
Rb8 10.Nh4 Bd7 11.Bd2 a6 12.Qd1 b5 13.b4 Bc7 14.cxb5 axb5 15.Rb1 cxb4 16.axb4
d5 17.e4 dxe4 18.Nxe4 Nxe4 19.dxe4 Bb6 20.Bc3 e5 21.Nf5 Be6 22.Qxd8 Rfxd8
23.Rfd1 Nd4 24.Bxd4 {#r} 1-0

[Event "Ch DDR"]
[Site "masterchessopen.com - Potsdam (Germany)"]
[Round "4"]
[White "Uhlmann Wolfgang (GER)"]
[Black "Broberg Horst (GER)"]
[Result "1-0"]
[WhiteElo "2550"]
[BlackElo "2091"]

1.c4 Nf6 2.Nc3 e6 3.Nf3 Bb4 4.Qc2 O-O 5.a3 Bxc3 6.Qxc3 b6 7.g3 Bb7 8.Bg2 c5
9.O-O d6 10.b4 Nbd7 11.Bb2 Rc8 12.Rac1 d5 13.cxd5 Bxd5 14.d3 a6 15.Qd2 Bb7
16.e4 b5 17.Qe3 Qe7 18.bxc5 Nxc5 19.Bc3 Ng4 20.Qf4 f5 21.exf5 exf5 22.Bb4 a5
23.Rfe1 Qxe1+ 24.Nxe1 axb4 25.Bxb7 Nxb7 26.Rxc8 Rxc8 27.Qxf5 {#r} 1-0

[Event "Ch OWL"]
[Site "masterchessopen.com - Brackwede (Germany)"]
[Round "9"]
[White "Budt Karl-Heinz (GER)"]
[Black "Busch Raimund (GER)"]
[Result "0-1"]
[WhiteElo "2120"]
[BlackElo "2320"]

1.c4 Nf6 2.Nc3 e6 3.Nf3 Bb4 4.Qc2 c5 5.a3 Ba5 6.e3 O-O 7.d4 cxd4 8.exd4 d5
9.c5 Bxc3+ 10.Qxc3 Ne4 11.Qc2 Nc6 12.b4 e5 13.dxe5 f6 14.exf6 Qxf6 15.Bb2 Qh6
16.Be2 Bg4 17.O-O Bxf3 18.gxf3 Qg6+ {#R} 0-1

[Event "Ch Great Britain"]
[Site "masterchessopen.com - Morecambe (England)"]
[Round "9"]
[White "Parr Frank (ENG)"]
[Black "Cafferty Bernard (ENG)"]
[Result "0-1"]
[WhiteElo "2099"]
[BlackElo "2127"]

1.c4 Nf6 2.Nc3 e6 3.Nf3 Bb4 4.Qb3 c5 5.e3 Nc6 6.a3 Ba5 7.Be2 d5 8.Na4 b6 9.O-O
Bd7 10.Qc2 Rc8 11.Rb1 O-O 12.Rd1 d4 13.b3 e5 14.e4 Qe7 15.Nb2 g6 16.Bd3 Nh5
17.Re1 f5 18.g3 f4 19.Be2 Rf7 20.Nd3 Rcf8 21.Qd1 Bg4 22.Nxd4 exd4 23.Bxg4 fxg3
24.hxg3 Ne5 25.Qe2 Nxd3 26.Qxd3 Rxf2 27.b4 Qg5 28.Be6+ Kg7 29.Rb3 Nf4 {#R} 0-1

[Event "It"]
[Site "masterchessopen.com - Vrbas (Yugoslavia)"]
[Round "4"]
[White "Smejkal Jan (CZE)"]
[Black "Barle Janez (SLO)"]
[Result "0-1"]
[WhiteElo "2575"]
[BlackElo "2450"]

1.c4 Nf6 2.Nc3 e6 3.Nf3 Bb4 4.Qc2 O-O 5.b3 b6 6.Bb2 Bb7 7.e3 d5 8.Be2 Nbd7
9.O-O Re8 10.Rac1 a6 11.d4 dxc4 12.bxc4 c5 13.d5 Bxc3 14.Qxc3 exd5 15.cxd5
Bxd5 16.Rfd1 Bxa2 17.e4 Rxe4 18.Bd3 Re7 19.Ng5 Qf8 20.Qc2 h6 21.Bh7+ Kh8
22.Bf5 hxg5 23.Rxd7 Rxd7 24.Bxf6 Be6 {#R} 0-1

[Event "It"]
[Site "masterchessopen.com - Pernik (Bulgaria)"]
[Round "10"]
[White "Suba Mihai (ROM)"]
[Black "Antonov Vladimir (BUL)"]
[Result "1-0"]
[WhiteElo "2430"]
[BlackElo "2338"]

1.c4 Nf6 2.Nc3 e6 3.Nf3 Bb4 4.Qc2 c5 5.a3 Ba5 6.e3 Nc6 7.Be2 O-O 8.O-O d6 9.d4
Qe7 10.b3 a6 11.Bb2 Bd7 12.Rad1 Rac8 13.dxc5 dxc5 14.Ng5 h6 15.Nd5 {#r} 1-0

[Event "It"]
[Site "masterchessopen.com - Berlin (Germany)"]
[Round "2"]
[White "Suba Mihai (ROM)"]
[Black "Rodriguez Amador (ESP)"]
[Result "1-0"]
[WhiteElo "2471"]
[BlackElo "2465"]

1.c4 Nf6 2.Nc3 e6 3.Nf3 Bb4 4.Qc2 O-O 5.a3 Bxc3 6.Qxc3 b6 7.b4 Bb7 8.Bb2 d6
9.e3 e5 10.d3 Nbd7 11.Be2 Qe7 12.O-O c5 13.Rfe1 Rfe8 14.d4 cxd4 15.exd4 Rac8
16.dxe5 dxe5 17.Bf1 e4 18.Rad1 Rcd8 19.Nd4 Ne5 20.Nf5 Qc7 21.Qg3 Nh5 22.Qg5
Rxd1 23.Rxd1 g6 24.Nd6 {#r} 1-0

[Event "Match"]
[Site "masterchessopen.com - Hilversum (Netherlands)"]
[Round "4"]
[White "Timman Jan H (NED)"]
[Black "Korchnoi Viktor (SUI)"]
[Result "1-0"]
[WhiteElo "2600"]
[BlackElo "2635"]

1.c4 Nf6 2.Nc3 e6 3.Nf3 Bb4 4.Qc2 O-O 5.a3 Bxc3 6.Qxc3 b6 7.e3 Bb7 8.b4 d6
9.Bb2 Nbd7 10.Be2 Qe7 11.O-O Rfe8 12.d4 c5 13.dxc5 bxc5 14.b5 e5 15.a4 Qe6
16.a5 Rab8 17.Rfd1 h6 18.Nd2 Ba8 19.Qc2 Nf8 20.Nf1 Ng6 21.Ng3 Nh4 22.Bf1 d5
23.cxd5 Bxd5 24.Ra3 c4 25.e4 Ba8 26.Rc3 Rxb5 27.Bxc4 {#r} 1-0

[Event "?"]
[Site "masterchessopen.com - Lugano (Switzerland)"]
[Round "33"]
[White "Wirthensohn Heinz (SUI)"]
[Black "Levacic Damir (FRA)"]
[Result "1-0"]
[WhiteElo "2405"]
[BlackElo "2260"]

1.c4 Nf6 2.Nc3 e6 3.Nf3 Bb4 4.Qc2 b6 5.a3 Bxc3 6.Qxc3 Bb7 7.g3 O-O 8.Bg2 d5
9.cxd5 exd5 10.O-O Re8 11.e3 c5 12.d3 Nc6 13.b4 d4 14.Qb3 Qd7 15.e4 Rac8
16.Bd2 Nd8 17.Rfc1 Ba6 18.Ng5 h6 19.Bh3 Ne6 20.Nxe6 fxe6 21.f3 Kh8 22.a4 g5
23.a5 c4 24.dxc4 d3 25.Bc3 {#r} 1-0

[Event "corr."]
[Site "masterchessopen.com - Germany"]
[Round "0"]
[White "Nickel Arno (GER)"]
[Black "Kaiser Helmut (GER)"]
[Result "1-0"]
[WhiteElo "2128"]
[BlackElo "2049"]

1.c4 Nf6 2.Nc3 e6 3.Nf3 Bb4 4.Qc2 c5 5.g3 Nc6 6.Bg2 O-O 7.O-O d5 8.cxd5 exd5
9.a3 Ba5 10.d3 Bg4 11.Bg5 Bxf3 12.exf3 Nd4 13.Qd1 Ne6 14.Bxf6 Qxf6 15.Nxd5
Qxb2 16.Rb1 Qa2 17.Ne7+ Kh8 18.Rxb7 Qxa3 19.f4 Bb6 20.Be4 g6 21.f5 Nc7 22.Qg4
Qc3 23.Qf4 gxf5 24.Nxf5 Ne6 25.Qh6 Qe5 26.f4 {#r} 1-0

[Event "Ch World (juniors) (under 18)"]
[Site "masterchessopen.com - Bratislava (Slovakia)"]
[Round "2"]
[White "Schacher Gerd (ITA)"]
[Black "Berzinsh Roland (LAT)"]
[Result "0-1"]
[WhiteElo "2340"]
[BlackElo "2417"]

1.c4 Nf6 2.Nc3 e6 3.Nf3 Bb4 4.Qc2 c5 5.a3 Ba5 6.g3 Nc6 7.Bg2 O-O 8.O-O a6 9.e3
b5 10.Ne5 Nxe5 11.Bxa8 d5 12.b4 Bc7 13.cxb5 Nf3+ 14.Kh1 e5 15.Bc6 Bh3 16.Bb2
Bxf1 17.Rxf1 Qc8 18.Kg2 Nh4+ 19.gxh4 Qg4+ 20.Kh1 Qf3+ 21.Kg1 Ng4 22.Bd7 e4
23.Bxg4 Qxg4+ 24.Kh1 Qh3 {#R} 0-1

[Event "it (open) (zt)"]
[Site "masterchessopen.com - Dublin (Ireland)"]
[Round "0"]
[White "Dunn Andrew M (ENG)"]
[Black "Njotea Christopher (ENG)"]
[Result "0-1"]
[WhiteElo "2117"]
[BlackElo "2064"]

1.c4 Nf6 2.Nc3 e6 3.Nf3 Bb4 4.Qb3 c5 5.a3 Bxc3 6.Qxc3 O-O 7.d4 cxd4 8.Nxd4 Ne4
9.Qf3 d5 10.cxd5 Qxd5 11.e3 Nc6 12.Nxc6 bxc6 13.Be2 Nc5 14.Qxd5 cxd5 15.b4 Ne4
16.Bb2 Bb7 17.f3 Nd6 18.Rc1 Rac8 {#R} 0-1

[Event "It (3)"]
[Site "masterchessopen.com - Kfar Sava (Israel)"]
[Round "0"]
[White "Chervonenko Irina (ISR)"]
[Black "Gadasi David (ISR)"]
[Result "0-1"]
[WhiteElo "2153"]
[BlackElo "2250"]

1.c4 Nf6 2.Nc3 e6 3.Nf3 Bb4 4.Qc2 O-O 5.a3 Bxc3 6.Qxc3 d6 7.g3 e5 8.Bg2 Bg4
9.b4 Nc6 10.Bb2 Re8 11.h3 Bh5 12.d3 Rb8 13.b5 Nd4 14.g4 Nxf3+ 15.Bxf3 Bg6
16.e4 Nd7 17.Qd2 Nc5 18.Bd1 c6 19.a4 d5 20.Ba3 Nxd3+ 21.Qxd3 Bxe4 22.Qf1 Qa5+
23.Ke2 Qc3 {#R} 0-1

[Event "It (open)"]
[Site "masterchessopen.com - Neuwied (Germany)"]
[Round "0"]
[White "Sadewasser Axel (GER)"]
[Black "Kipper Jens (GER)"]
[Result "0-1"]
[WhiteElo "2216"]
[BlackElo "2382"]

1.c4 Nf6 2.Nc3 e6 3.Nf3 Bb4 4.Qc2 O-O 5.a3 Bxc3 6.Qxc3 c5 7.g3 b6 8.Bg2 Bb7
9.b4 Qc7 10.bxc5 bxc5 11.d3 d6 12.O-O Nbd7 13.Rb1 Rab8 14.Bd2 Bc6 15.e4 Rb7
16.Qc2 Rfb8 17.Bc3 e5 18.Bh3 Nf8 19.Nh4 Ne6 20.Bxe6 fxe6 21.f4 exf4 22.gxf4
Qf7 23.Rxb7 Rxb7 24.Qd1 Qh5 25.Qe1 Rb3 26.Bxf6 gxf6 27.Rf3 Rb7 28.Rg3+ Rg7
29.Nf3 Qxf3 {#R} 0-1

[Event "Tournament (team)"]
[Site "masterchessopen.com - Dijon (France)"]
[Round "4"]
[White "Roos Louis (FRA)"]
[Black "Bersoult Francois (FRA)"]
[Result "1-0"]
[WhiteElo "2440"]
[BlackElo "2193"]

1.c4 Nf6 2.Nc3 e6 3.Nf3 Bb4 4.g3 b6 5.Bg2 Bb7 6.O-O O-O 7.a3 Bxc3 8.bxc3 c5
9.d3 d6 10.e4 Nbd7 11.Nh4 Qc7 12.f4 b5 13.Rb1 a6 14.g4 Rfb8 15.g5 Ne8 16.cxb5
axb5 17.Rxb5 Bc6 18.Rxb8 Qxb8 19.f5 exf5 20.Nxf5 Qd8 21.d4 cxd4 22.Qxd4 d5
23.exd5 Ba4 24.Qb4 Ne5 25.Ne7+ Kh8 26.Nc6 {#r} 1-0

[Event "It (open)"]
[Site "masterchessopen.com - Djakovo (Croatia)"]
[Round "1"]
[White "Lalic Bogdan (ENG)"]
[Black "Teofilovic Vjeran (CRO)"]
[Result "1-0"]
[WhiteElo "2530"]
[BlackElo "2309"]

1.c4 Nf6 2.Nc3 e6 3.Nf3 Bb4 4.Qb3 c5 5.a3 Bxc3 6.Qxc3 O-O 7.e3 b6 8.b3 Bb7
9.Bb2 d6 10.Be2 Nc6 11.d4 Ne4 12.Qc2 f5 13.O-O Ne7 14.Rad1 Ng6 15.Ne1 Qg5
16.Bc1 f4 17.dxc5 fxe3 18.Bxe3 Nf4 19.Bxf4 Rxf4 20.cxd6 Raf8 21.Qc1 Qf5 22.Bf3
Qc5 23.d7 Rxf3 24.Nxf3 Nd6 25.Qe3 Bxf3 26.Qxc5 {#r} 1-0

[Event "It (open)"]
[Site "masterchessopen.com - Wuerzburg (Germany)"]
[Round "0"]
[White "Arbakov Valentin (RUS)"]
[Black "Wohlfahrt Herbert J (AUT)"]
[Result "1-0"]
[WhiteElo "2570"]
[BlackElo "2270"]

1.c4 Nf6 2.Nc3 e6 3.Nf3 Bb4 4.g3 b6 5.Bg2 Bb7 6.O-O O-O 7.Qc2 a5 8.b3 d5 9.Bb2
Nbd7 10.Rac1 Rc8 11.Rfd1 c6 12.d4 Ba6 13.Nb1 Bd6 14.Nbd2 b5 15.e4 dxe4 16.Nxe4
Nxe4 17.Qxe4 Nf6 18.Qc2 bxc4 19.bxc4 Qc7 20.Ne5 c5 21.Nc6 cxd4 22.c5 d3 23.Qa4
Nd5 24.cxd6 {#r} 1-0

[Event "Ch Europe (juniors) (under 20)"]
[Site "masterchessopen.com - Holon (Israel)"]
[Round "6"]
[White "Gabriel Christian (GER)"]
[Black "Stocek Jiri (CZE)"]
[Result "1-0"]
[WhiteElo "2475"]
[BlackElo "2475"]

1.c4 Nf6 2.Nc3 e6 3.Nf3 Bb4 4.Qc2 c5 5.e3 Nc6 6.Be2 O-O 7.O-O d5 8.Na4 dxc4
9.Bxc4 Qd6 10.Be2 b6 11.a3 Ba5 12.d4 cxd4 13.b4 Bxb4 14.axb4 Nxb4 15.Qd2 d3
16.Ba3 Ne4 17.Qxb4 dxe2 18.Rfe1 Qxb4 19.Bxb4 Rd8 20.Nxb6 Rb8 21.Nxc8 Rdxc8
22.Ba5 Rb2 23.Nd4 g5 24.f3 Nd6 25.Rxe2 Rxe2 26.Nxe2 Rc2 27.Nd4 {#r} 1-0

[Event "Oberliga Southwest 1996/97"]
[Site "masterchessopen.com - Germany"]
[Round "0"]
[White "Bastian Herbert (GER)"]
[Black "Biehler Thomas (GER)"]
[Result "1-0"]
[WhiteElo "2365"]
[BlackElo "2254"]

1.c4 Nf6 2.Nc3 e6 3.Nf3 Bb4 4.g3 O-O 5.Bg2 d5 6.Qb3 a5 7.O-O Na6 8.d4 c6 9.c5
b6 10.cxb6 c5 11.dxc5 Nxc5 12.Qc2 Ncd7 13.a3 Bxc3 14.Qxc3 Ba6 15.Be3 Ne4
16.Qd4 Bxe2 17.Rfc1 Rb8 18.Ne5 Nxe5 19.Qxe5 Qf6 20.Qd4 Nd6 21.Qd2 Bf3 22.Bxf3
Qxf3 23.Qxa5 Ne4 24.Rc2 Rbd8 25.b7 d4 26.Qxd8 {#r} 1-0

[Event "It (open)"]
[Site "masterchessopen.com - Velden (Austria)"]
[Round "1"]
[White "Pienski Olaf (GER)"]
[Black "Lughofer Norbert"]
[Result "1-0"]
[WhiteElo "2090"]
[BlackElo "1710"]

1.c4 Nf6 2.Nc3 e6 3.Nf3 Bb4 4.Qc2 c6 5.a3 Bxc3 6.Qxc3 O-O 7.e3 d5 8.b4 Ne4
9.Qc2 Nd7 10.Bb2 Ndf6 11.c5 Ne8 12.Bd3 f5 13.Ne5 Qe7 14.h4 g6 15.f3 Ng3 16.Rh3
Nh5 17.O-O-O Nef6 18.g4 Ng7 19.h5 gxh5 20.gxh5 Ngxh5 21.Rg1+ Kh8 22.Rxh5 Nxh5
23.Nf7# 1-0

[Event "It (open)"]
[Site "masterchessopen.com - Ikaria (Greece)"]
[Round "7"]
[White "Atalik Suat (BIH)"]
[Black "Maric Alisa (SRB)"]
[Result "1-0"]
[WhiteElo "2590"]
[BlackElo "2460"]

1.c4 Nf6 2.Nc3 e6 3.Nf3 Bb4 4.Qc2 O-O 5.a3 Bxc3 6.Qxc3 c5 7.b4 b6 8.g3 Bb7
9.Bg2 Qe7 10.O-O Na6 11.d3 d5 12.b5 Nc7 13.Qe5 Rfd8 14.cxd5 Bxd5 15.a4 a6
16.Bf4 Nfe8 17.a5 axb5 18.axb6 Na6 19.Ra5 Bc6 20.Rb1 Nd6 21.Rxa6 Rxa6 22.Qxc5
Bb7 23.h4 Qf8 24.Nd4 Bxg2 25.Kxg2 Rd7 26.Bxd6 Rxd6 27.Nc6 Rd8 28.Qxb5 {#r} 1-0

[Event "It (open)"]
[Site "masterchessopen.com - Rome (Italy)"]
[Round "6"]
[White "Campanile Antonio (ITA)"]
[Black "Pienabarca Nicola (ITA)"]
[Result "1-0"]
[WhiteElo "2099"]
[BlackElo "2106"]

1.c4 Nf6 2.Nc3 e6 3.Nf3 Bb4 4.g3 b6 5.Bg2 Bb7 6.O-O O-O 7.Qc2 d6 8.d3 Bxc3
9.Qxc3 e5 10.Bd2 Nbd7 11.b4 Qe7 12.Rfb1 Rae8 13.e4 c6 14.Nh4 Ng4 15.f3 Nh6
16.Qc1 Qe6 17.Bxh6 gxh6 18.Nf5 Kh8 19.Qxh6 Rg8 20.Qxe6 Rxe6 21.a4 d5 22.cxd5
cxd5 23.Rc1 Rd8 24.Rc7 Ba8 25.Rac1 dxe4 26.Rxd7 {#r} 1-0

[Event "Ch Pan-American (cat.9)"]
[Site "masterchessopen.com - San Felipe (Venezuela)"]
[Round "8"]
[White "Serper Grigory (USA)"]
[Black "Leitao Rafael (BRA)"]
[Result "0-1"]
[WhiteElo "2535"]
[BlackElo "2550"]

1.c4 Nf6 2.Nc3 e6 3.Nf3 Bb4 4.Qc2 O-O 5.a3 Bxc3 6.Qxc3 b6 7.b4 Bb7 8.Bb2 d6
9.e3 Nbd7 10.Be2 e5 11.d3 c5 12.O-O Qe7 13.a4 cxb4 14.Qxb4 Nc5 15.a5 bxa5
16.Rxa5 Bxf3 17.gxf3 Nfd7 18.Qa3 a6 19.Bd1 Rfe8 20.d4 exd4 21.exd4 Ne6 22.Re1
Qf6 23.Re4 Reb8 24.Kf1 Qh6 25.Ba4 Qxh2 26.Bc1 Nxd4 27.Rg4 Qh3+ {#R} 0-1

[Event "It (open)"]
[Site "masterchessopen.com - Valencia (Spain)"]
[Round "5"]
[White "Gonzalez Aguirre Luis (ESP)"]
[Black "De La Duena Y Navajas Ricardo (ESP)"]
[Result "1-0"]
[WhiteElo "2150"]
[BlackElo "1857"]

1.c4 Nf6 2.Nc3 e6 3.Nf3 Bb4 4.Qc2 b6 5.g3 Bxc3 6.Qxc3 Bb7 7.Bg2 O-O 8.O-O d6
9.d4 Nbd7 10.b3 c5 11.Bb2 cxd4 12.Qxd4 d5 13.Ne5 Qc7 14.Nxd7 Qxd7 15.Rfd1 Rfd8
16.Qe5 Qd6 17.Qxd6 Rxd6 18.Bxf6 gxf6 19.cxd5 Bxd5 20.e4 Bxe4 21.Rxd6 Bxg2
22.Kxg2 Rc8 23.Rd7 {#r} 1-0

[Event "It (open)"]
[Site "masterchessopen.com - Graz (Austria)"]
[Round "1"]
[White "Deutsch Ludwig (AUT)"]
[Black "Lerner Konstantin Z (UKR)"]
[Result "0-1"]
[WhiteElo "2173"]
[BlackElo "2588"]

1.c4 Nf6 2.Nc3 e6 3.Nf3 Bb4 4.a3 Bxc3 5.dxc3 d6 6.Qc2 Nbd7 7.e4 e5 8.b4 O-O
9.Be2 b6 10.Nd2 Bb7 11.f3 Nh5 12.O-O Nf4 13.Nb3 Qf6 14.Rd1 Nxe2+ 15.Qxe2 Ba6
16.Be3 Qe6 17.Nd2 f5 18.exf5 Rxf5 19.Qd3 Nf6 20.Bf2 Rf8 21.Bg3 g5 22.Ne4 Nxe4
{#R} 0-1

[Event "Ch Norway (team) North"]
[Site "masterchessopen.com - Norway"]
[Round "3"]
[White "Saevareid Ove (NOR)"]
[Black "Agustsson Hafsteinn (ISL)"]
[Result "1-0"]
[WhiteElo "2158"]
[BlackElo "1947"]

1.c4 Nf6 2.Nc3 e6 3.Nf3 Bb4 4.g3 O-O 5.Bg2 c5 6.O-O Nc6 7.d3 h6 8.a3 Ba5 9.Be3
Qe7 10.Na4 d6 11.d4 Ng4 12.dxc5 d5 13.cxd5 exd5 14.Bf4 Re8 15.b4 Nxb4 16.axb4
Bxb4 17.Bd6 Qxe2 18.Qxe2 Rxe2 19.Nb6 axb6 20.Rxa8 Re8 21.c6 Bxd6 22.cxb7 Bd7
23.Rxe8+ Bxe8 24.Rc1 Bd7 25.Rc8+ {#r} 1-0

[Event "It (open)"]
[Site "masterchessopen.com - Kharkov (Ukraine)"]
[Round "2"]
[White "Miroshnichenko Evgenij (UKR)"]
[Black "Kuzmenko Yevgen (UKR)"]
[Result "1-0"]
[WhiteElo "2509"]
[BlackElo "2253"]

1.c4 Nf6 2.Nc3 e6 3.Nf3 Bb4 4.g4 h6 5.Rg1 b6 6.Qb3 Nc6 7.h4 Bb7 8.g5 hxg5
9.hxg5 Ng8 10.d4 a5 11.Bd2 a4 12.Nxa4 Bxd2+ 13.Kxd2 Na5 14.Qc2 Bxf3 15.exf3
Rh4 16.Re1 Rxd4+ 17.Kc1 Qe7 18.a3 Nc6 19.Nc3 Rf4 20.Nd5 exd5 21.Rxe7+ Ngxe7
22.cxd5 Nd4 23.Qh7 O-O-O 24.Rg4 Nb3+ 25.Kc2 Rxg4 26.fxg4 Nd4+ 27.Kb1 c5 28.Qe4
{#r} 1-0

[Event "It (open)"]
[Site "masterchessopen.com - Traum (Austria)"]
[Round "4"]
[White "Johanssen Torsten (GER)"]
[Black "Siegmund Rainer (GER)"]
[Result "0-1"]
[WhiteElo "1928"]
[BlackElo "2143"]

1.c4 Nf6 2.Nc3 e6 3.Nf3 Bb4 4.Qc2 O-O 5.e3 b6 6.d3 Bb7 7.Be2 c5 8.Bd2 d5
9.cxd5 Nxd5 10.O-O Bxc3 11.Bxc3 Nc6 12.d4 Nxc3 13.bxc3 Qe7 14.Qa4 Na5 15.Ne5
Rac8 16.Qa3 Rfd8 17.Bb5 Qg5 18.g3 f6 19.f4 Qh5 {#R} 0-1

[Event "It (open)"]
[Site "masterchessopen.com - Zalakaros (Hungary)"]
[Round "9"]
[White "Papp Nandor (HUN)"]
[Black "Jakab Attila (HUN)"]
[Result "0-1"]
[WhiteElo "2158"]
[BlackElo "2298"]

1.c4 Nf6 2.Nc3 e6 3.Nf3 Bb4 4.Qc2 O-O 5.g3 b6 6.Bg2 Bb7 7.O-O Bxc3 8.Qxc3 d6
9.b3 Nbd7 10.Bb2 Qe7 11.Rfe1 Rfd8 12.d4 c5 13.Rad1 Rac8 14.Nd2 Bxg2 15.Kxg2 d5
16.e4 cxd4 17.Qxd4 Qc5 18.exd5 Qxd4 19.Bxd4 exd5 20.a4 Nc5 21.Bxf6 gxf6 22.Rb1
dxc4 23.Nxc4 Nxb3 24.Nxb6 Rc3 25.Re3 Rxe3 26.fxe3 Nd2 {#R} 0-1

[Event "Bayern Regionalliga Southwest 2003/04"]
[Site "masterchessopen.com - Bayern (Germany)"]
[Date "2003.11.23"]
[Round "3"]
[White "Schulz Juergen (GER)"]
[Black "Weinberger Wolfgang"]
[Result "1-0"]
[WhiteElo "2101"]
[BlackElo "2010"]

1.c4 Nf6 2.Nc3 e6 3.Nf3 Bb4 4.g3 O-O 5.Bg2 Nc6 6.O-O d6 7.d4 Bxc3 8.bxc3 e5
9.Rb1 e4 10.Nd2 Re8 11.f3 Bf5 12.fxe4 Bxe4 13.Nxe4 Nxe4 14.Qd3 Qe7 15.Rxb7 d5
16.cxd5 Nd8 17.Rb2 Rc8 18.Rf4 Nf6 19.e4 g5 20.Rf5 h6 21.e5 Nh5 22.Bh3 f6
23.Bg4 Ng7 24.Rxf6 Nf7 25.Rbf2 Nxe5 26.dxe5 Rcd8 27.Qf3 Qxe5 {#r} 1-0

[Event "It (open)"]
[Site "masterchessopen.com - Zadar (Croatia)"]
[Date "2004.12.18"]
[Round "8"]
[White "Stipic Marko (CRO)"]
[Black "Biliskov Vjekoslav (CRO)"]
[Result "0-1"]
[WhiteElo "2222"]
[BlackElo "2325"]

1.c4 Nf6 2.Nc3 e6 3.Nf3 Bb4 4.a3 Bxc3 5.bxc3 O-O 6.g3 c5 7.Bg2 Nc6 8.O-O d6
9.d3 h6 10.e4 e5 11.Nh4 Be6 12.Qe1 a6 13.Rb1 Rb8 14.f4 b5 15.f5 Bd7 16.cxb5
Rxb5 17.Rxb5 axb5 18.g4 Nh7 19.f6 g5 20.Nf5 Qxf6 21.Nd4 Qe7 22.Nxb5 Bxg4
23.Qg3 Be6 24.h4 Rb8 25.a4 f6 26.Bh3 Nf8 27.Nxd6 Bxh3 {#R} 0-1

[Event "Ch Argentina (1/2 final)"]
[Site "masterchessopen.com - Buenos Aires (Argentina)"]
[Date "2006.03.23"]
[Round "3"]
[White "Diaz Nahuel (ARG)"]
[Black "Calderon Fernandez Gervasio (ARG)"]
[Result "1-0"]
[WhiteElo "2404"]
[BlackElo "2253"]

1.c4 Nf6 2.Nc3 e6 3.Nf3 Bb4 4.Qc2 O-O 5.a3 Bxc3 6.Qxc3 c5 7.g3 Nc6 8.Bg2 Re8
9.b4 cxb4 10.axb4 Ne4 11.Qc2 d5 12.b5 Ne7 13.O-O Nd6 14.d3 dxc4 15.dxc4 Qc7
16.c5 Nxb5 17.Bf4 Nd4 18.Nxd4 e5 19.Nb5 Qd7 20.Qa4 exf4 21.Rfd1 Qg4 22.Nc7
{#r} 1-0

[Event "It (open)"]
[Site "masterchessopen.com - Gdansk (Poland)"]
[Date "2008.07.20"]
[Round "2"]
[White "Ziemann Jaroslaw (POL)"]
[Black "Golabiewski Adam (POL)"]
[Result "1-0"]
[WhiteElo "1978"]
[BlackElo "1831"]

1.c4 Nf6 2.Nc3 e6 3.Nf3 Bb4 4.a3 Be7 5.e4 d6 6.d4 O-O 7.Bd3 Nfd7 8.O-O c5 9.d5
Bf6 10.Qc2 h6 11.h3 Na6 12.Nh2 Ne5 13.Be2 Nc7 14.f4 Ng6 15.dxe6 fxe6 16.e5
Nxe5 17.fxe5 Bxe5 18.Be3 a6 19.Rxf8+ Qxf8 20.Rf1 Bxh2+ 21.Kxh2 Qe8 22.Qe4 {#r}
1-0

[Event "It (open)"]
[Site "masterchessopen.com - Singapore"]
[Date "2008.12.11"]
[Round "3"]
[White "Nguyen Ngoc Truongson (VIE)"]
[Black "Panchanathan Magesh Chandran (IND)"]
[Result "1-0"]
[WhiteElo "2567"]
[BlackElo "2493"]

1.c4 Nf6 2.Nc3 e6 3.Nf3 Bb4 4.g3 b6 5.Bg2 Bb7 6.Qc2 O-O 7.O-O d6 8.d3 Bxc3
9.Qxc3 e5 10.b4 a5 11.a3 axb4 12.axb4 Rxa1 13.Qxa1 Nbd7 14.Qc3 Qe7 15.Bb2 Ra8
16.e4 Nf8 17.Nh4 Ne6 18.Nf5 Qe8 19.f4 Nd7 20.c5 bxc5 21.bxc5 Nexc5 22.fxe5
dxe5 23.d4 exd4 24.Qxd4 Ne6 25.Nh6+ Kh8 26.Nxf7+ Kg8 27.Nh6+ Kh8 28.Qc3 Ndc5
29.Rf7 {#r} 1-0

[Event "It (open)"]
[Site "masterchessopen.com - Zurich (Switzerland)"]
[Date "2008.12.28"]
[Round "4"]
[White "Gasthofer Viktor (GER)"]
[Black "Bindrich Falko (GER)"]
[Result "0-1"]
[WhiteElo "2335"]
[BlackElo "2517"]

1.c4 Nf6 2.Nc3 e6 3.Nf3 Bb4 4.g3 O-O 5.Bg2 d5 6.Qb3 c5 7.cxd5 exd5 8.d4 Nc6
9.Be3 Ne4 10.O-O c4 11.Qc2 Bf5 12.Nh4 Nxc3 13.Qxf5 Nxe2+ 14.Kh1 c3 15.Qd3 cxb2
16.Rab1 Nc3 17.Rxb2 Ne4 18.a3 Ba5 19.Rxb7 Bb6 20.Bxe4 dxe4 21.Qxe4 Na5 22.Rxb6
Qxb6 23.d5 Qa6 24.Kg2 Nc4 25.Bd4 Nd2 {#R} 0-1

[Event "Ch City (open)"]
[Site "masterchessopen.com - Omsk (Russia)"]
[Date "2009.02.14"]
[Round "2"]
[White "Pozdniakov Vladimir (RUS)"]
[Black "Borisov Sergey (RUS)"]
[Result "1-0"]
[WhiteElo "2219"]
[BlackElo "2115"]

1.c4 Nf6 2.Nc3 e6 3.Nf3 Bb4 4.g3 O-O 5.Bg2 d6 6.O-O Bxc3 7.bxc3 e5 8.Qc2 Nc6
9.d3 h6 10.e4 Be6 11.h3 Nd7 12.Nh4 Rb8 13.Rb1 Ne7 14.Qe2 Ng6 15.Nf5 Ne7 16.Ne3
Nf6 17.Kh2 b6 18.Bd2 {#r} 1-0